| 000 | 00544nam a22001697a 4500 | ||
|---|---|---|---|
| 003 | NUST | ||
| 038 | _aNusrat Nadeem | ||
| 082 | _a200 | ||
| 100 |
_a Malik Afsheen _9124229 |
||
| 245 |
_aDevelopment of Transgenic Line System for Mass Production of Hybrid Seeds/ _cAfsheen Malik |
||
| 264 |
_aIslamabad; _bASAB NUST; _c2021. |
||
| 300 |
_a332,p; _bill; _c30,cm. |
||
| 650 |
_aPhD-Plant Biotechnology _9123759 |
||
| 700 |
_aSupervisor:Dr.Alvina Gul _9123933 |
||
| 856 | _uhttp://10.250.8.41:8080/xmlui/handle/123456789/28179 | ||
| 942 |
_2ddc _cSC |
||
| 999 |
_c610151 _d610151 |
||